000
00256nam a22001097a 4500
999
_c
11613
_d
11613
008
200403b ||||| |||| 00| 0 eng d
100
1
_a
Kemp, J . F.
245
1
0
_a
Cargo work
260
_a
Butterworths
_b
Butterworths
_c
1996
300
_a
124p.
942
_c
BK